000 05376nam a22005177a 4500
005 20120117144230.0
010 _aB-468713-736
020 _a9788179933367
_c155.00
020 _a9788179933367
_c155.00
035 _aB-468713-736
037 _aDPL
_bBlue Berry/Ven
082 _a333.75
100 _aIyer, Rani
_950615
245 _aForests /
_cRani Iyer
246 _aForests /
260 _aNew Delhi
_bTeri Press
_c2011
270 _aDarbari Seth Block, IHC Complex, Lodhi Road,
_bNew Delhi
_e110003
_k24682100, 41504900
_l24682144/24682145
_mTeripress@teri.res.in
300 _a30p.
_bCol.ill
_c29 cm (Hb)
490 _aPlanet Earth
_950616
942 _2ddc
_cCH
_mIYE
_h333.75
999 _c61053
_d61053